01644nam a2200325 a 4500001001000000005001700010008004100027041000800068044000700076084002200083100002400105245009300129260002400222300002700246500003100273500035400304500004400658500014200702500002800844500006500872506009200937546005001029600002401079651005501103700002501158700003301183700003101216700003101247700004001278BRCA_498320190320204904.0281010m17921793mx-######v---#000-0#spa-# aspa amx aDOC80b.B67c17921 aBorda, Manuel de la10aDocumento de la herencia del Doctor Manuel de la BordacManuel de la Borda ... [et al.]. aMéxicoc1792-1793 a[11] fojasc31 x 21 cm aDocumento expedido en 1792 aConstancia de que el Licenciado Don Juan José de Barberi, abogado de la Real Audencia, apoderado general de Doña María Martiana Velázquez, albacea y tenedora de bienes del Dr. Manuel de la Borda, certifica que dicho Doctor, nombro heredos a Don Manuel de la Borda y Don José Manuel, sus hermanos. Firma el religioso Pedro Rodríguez Calvo aEl documento tiene la leyenda DOC. #240 aAl margen tiene sello con escudo español y leyenda: SELLO SEGUNDO SEIS REALES AÑOS DE MIL SETESCIENTOS NOVENTA Y DOS Y NOVENTA Y TRES aPapel con marca de agua aEstado de conservación: Contiene en los márgenes roturas0 aFondo reservado: para su consulta es necesario credencial de usuario y carta de motivos aTexto en: español a finales del siglo XVIII14aBorda, Manuel de la 4aMéxicovManuscritoxHistoriayColonia, 1521-18211 aBarberi, Juan José1 aVelázquez, María Matiana1 aBorda, Manuel José de la1 aBorda, José Manuel de la1 aRodríguez Calvo, PedrocReligioso